| 000 | 01613nam0a2200349 4500 | ||
|---|---|---|---|
| 001 | RU\NLR\bibl\1658766 | ||
| 005 | 20260406030618.0 | ||
| 010 |
_a978-5-17-064590-9 _93000 _bАСТ |
||
| 010 |
_a978-5-403-03442-5 _bАСТ Москва |
||
| 010 |
_a978-5-226-02403-0 _bВКТ |
||
| 021 |
_aRU _b2010-45460 _93034 |
||
| 035 | _a(nilc)RSL-KNO-004660162 | ||
| 035 | _a(NLR Aleph) 001650062 | ||
| 090 |
_a916082 _c916082 |
||
| 100 | _a20100622d2010 |||y0rusy50 ca | ||
| 101 | 1 |
_arus _ceng |
|
| 102 | _aRU | ||
| 105 | _ay zzzz||||| | ||
| 200 | 1 |
_a31 июня _aДженни Вильерс _e[повести] _fДжон Бойнтон Пристли _g[пер. с англ.: С. Маркиш и др.] |
|
| 210 |
_aМосква _cАСТ _cАСТ Москва _aВладимир _cВКТ _d2010 |
||
| 215 |
_a316, [2] с. _d21 |
||
| 225 | 1 | _aКнига на все времена | |
| 610 | 0 | _aФилологические науки. Художественная литература -- Великобритания -- Английская литература -- с 1945 г. -- Произведения художественной литературы -- Художественная проза -- Романы. Повести. Рассказы | |
| 686 |
_aШ5(4Вл)62-644 _2rubbk |
||
| 686 | _aШ6(4Вл)67-440.4{Лх1299-50} | ||
| 700 | 1 |
_4070 _8rus _7ca _aПристли _bДж.Б. _f1894-1984 _gДжон Бойнтон _3RU\NLR\auth\77885 _9110922 |
|
| 801 | 0 |
_aRU _bРГБ _c20100622 _grcr |
|
| 801 | 1 |
_aRU _bРГБ _c20100622 |
|
| 801 | 2 |
_aRU _bNLR _c20100728 _grcr |
|
| 942 | _cBOOK | ||
| 980 | _aNB | ||